<?xml version="1.0" encoding="UTF-8"?>
<record
    xmlns:xsi="http://www.w3.org/2001/XMLSchema-instance"
    xsi:schemaLocation="http://www.loc.gov/MARC21/slim http://www.loc.gov/standards/marcxml/schema/MARC21slim.xsd"
    xmlns="http://www.loc.gov/MARC21/slim">

  <leader>00440nam a22001337a 4500</leader>
  <controlfield tag="001">9879173252</controlfield>
  <controlfield tag="003">AR-BeUNQ</controlfield>
  <controlfield tag="005">20220705194539.0</controlfield>
  <datafield tag="245" ind1="0" ind2="0">
    <subfield code="a">La ciudad y sus ti'cs  :</subfield>
    <subfield code="b">Tecnologias de Informacion y Comunicaci&#xF3;n</subfield>
    <subfield code="c">Susana Finquelievich</subfield>
    <subfield code="h">papel</subfield>
  </datafield>
  <datafield tag="250" ind1=" " ind2=" ">
    <subfield code="a">1a.ed.</subfield>
  </datafield>
  <datafield tag="260" ind1=" " ind2=" ">
    <subfield code="a">Bernal :</subfield>
    <subfield code="b">Universidad Nacional de Quilmes,</subfield>
    <subfield code="c">2022</subfield>
  </datafield>
  <datafield tag="500" ind1=" " ind2="0">
    <subfield code="a">Tecnolog&#xED;a y sociedad : Los proceso de cambio en la revoluci&#xF3;n inform&#xE1;tica</subfield>
  </datafield>
  <datafield tag="942" ind1=" " ind2=" ">
    <subfield code="c">LIB</subfield>
  </datafield>
  <datafield tag="999" ind1=" " ind2=" ">
    <subfield code="c">279</subfield>
    <subfield code="d">279</subfield>
  </datafield>
</record>
